000 00435nam a2200169 i 4500
001 bg
100 1 _aSTATER, John
245 0 _aSolid. State and Molecular Theory :
_bA Scientific Biography /
_cJohn Slater.
260 _aNew York :
_bJohn Wiley and Sons,
_c!975.
020 _a0471796816
040 _cBPK
041 _apol
080 _a53
920 _a0-471-79681-6
942 _cKS
008 s pl f |000 0 pol
999 _c18006
_d18006
856 _uhttp://koha.tu.koszalin.pl/cgi-bin/koha/opac-detail.pl?biblionumber=18006
_yKatalog online BPK